• 首页
  • 本馆介绍
  • 公告通知
  • 最新文献
  • 馆藏检索
  • 电子资源
  • 读者导购
  • 参考咨询
  • 我的图书馆
  • 登录
  • 详细信息显示
  • 放入我的书架
  • 预约/预借图书
  • 作者相关作品
  • 分类相关作品
  • 丛书相关作品
  • 出版社相关作品

书目信息

  • 表格格式
  • 工作单格式
  • 卡片格式
题名:
中国商品期货价格形成理论与实证分析
    
 
作者: 童宛生
分册:  
出版信息: 北京   中国财政经济出版社  1997
页数: 309
开本: 20cm
丛书名: 期货市场研究丛书
单 册:
中图分类: F726
科图分类:
主题词: 商业经济--中国
电子资源:
ISBN: 7-5005-3462-0
000 00657nam0 2200205 450
001 0760515518
005 20070817164835.51
010    @a7-5005-3462-0@d¥25.00
100    @a20070817d km y0chiy0120 ea
101 0  @achi
200 1  @a中国商品期货价格形成理论与实证分析@Azhong guo shang pin qi huo jia ge xing cheng li lun yu shi zheng fen xi@f童宛生等@Ftong wan sheng deng
210    @a北京@c中国财政经济出版社@d1997
215    @a309@d20cm
225 2  @a期货市场研究丛书
410  0 @12001 @a期货市场研究丛书
606 0  @a商业经济@x中国
690    @aF726@v3
701  0 @a童宛生@Atong wan sheng
801  0 @aCN@bPFT@c20070817
905    @a213230@dF726@eg66@f1
    
    中国商品期货价格形成理论与实证分析/童宛生等.-北京:中国财政经济出版社,1997
    309;20cm.-(期货市场研究丛书)
    
    
    ISBN 7-5005-3462-0:¥25.00
    
●
相关链接 在E读中查询图书 在五车中查询图书 在当当中查询图书 在豆瓣中查询图书


正题名:中国商品期货价格形成理论与实证分析     索取号:F726/g66         预约/预借

序号 登录号 条形码 馆藏地/架位号 状态 备注
1 6502327   265023271   密集书库-海洋学院/ [索取号:F726/g66] 在馆    
唐山师范学院图书馆 欢迎您!
大连网信软件有限公司© 版权所有